ბათუმის შოთა რუსთაველის სახელმწიფო უნივერსიტეტის ბიბლიოთეკა

Показательные и логарифмические уравнения и неравенства (ბიბ.ჩანაწერი № 38842)

000 -LEADER
fixed length control field 00585nam a2200193Ia 4500
001 - CONTROL NUMBER
control field 5251
003 - CONTROL NUMBER IDENTIFIER
control field GE_BSU
008 - FIXED-LENGTH DATA ELEMENTS--GENERAL INFORMATION
fixed length control field 181216s||||||||xx |||||||||||||| ||und||
040 ## - CATALOGING SOURCE
Transcribing agency GE_BSU
080 ## - UNIVERSAL DECIMAL CLASSIFICATION NUMBER
Universal Decimal Classification number 51(072)
100 ## - MAIN ENTRY--PERSONAL NAME
Personal name Бородуля, И.Т.
245 ## - TITLE STATEMENT
Title Показательные и логарифмические уравнения и неравенства
260 ## - PUBLICATION, DISTRIBUTION, ETC.
Place of publication, distribution, etc. Москва
260 ## - PUBLICATION, DISTRIBUTION, ETC.
Name of publisher, distributor, etc. Провещение
260 ## - PUBLICATION, DISTRIBUTION, ETC.
Date of publication, distribution, etc. 1967
300 ## - PHYSICAL DESCRIPTION
Extent 112стр.
653 ## - INDEX TERM--UNCONTROLLED
Uncontrolled term Показательные и логарифмические уравнения
942 ## - ADDED ENTRY ELEMENTS (KOHA)
Koha item type წიგნი
ეგზემპლარები
Withdrawn status Lost status Damaged status Not for loan Date acquired Barcode Date last seen Price effective from Koha item type
        2018-12-17 16165 2018-12-17 2018-12-17 წიგნი